| 000 | 01157nam a22002297a 4500 | ||
|---|---|---|---|
| 999 |
_c63022 _d63022 |
||
| 003 | Ge_BSU | ||
| 005 | 20250508115530.0 | ||
| 008 | 250508s2002 ge ||||| |||| 00| 0 geo d | ||
| 020 | _a9992893664 | ||
| 041 | _ageo | ||
| 080 | _a3301.101.54(479.22) ს-32 | ||
| 245 |
_aშრომები : _b3. საქართველოს ეკონომიკური მეცნიერებათა აკადემია / _cრედაქტორი ლეო ჩიქავა, როზეტა ასათიანი, ნუგზარ სანთელაძე. |
||
| 264 |
_aთბილისი : _bსიახლე, _c2002. |
||
| 300 |
_a385 გვ.; _b20 სმ. |
||
| 520 | _aრეზიუმე თავების ბოლოს | ||
| 653 | _aეკონომიკა | ||
| 653 | _aშრომები | ||
| 700 |
_aჩიქავა, ლეო _eრედაქტორი _925020 |
||
| 700 |
_aასათიანი, როზეტა _eრედაქტორი _925021 |
||
| 700 |
_aსანთელაძე, ნუგზარ _eრედაქტორი _925019 |
||
| 942 |
_2udc _cᲬᲘᲒᲜᲘ |
||